000 nam a22 7a 4500
999 _c10342
_d10342
008 180215b ||||| |||| 00| 0 eng d
100 _aMohan, A
_96302
245 _aLiterature Reader English -IV
260 _aNew Delhi
_bPrachi Publication
_c2013